| 000 | 00618 a2200217 4500 | ||
|---|---|---|---|
| 003 | OSt | ||
| 005 | 20180116192406.0 | ||
| 008 | 120613t xxu||||| |||| 00| 0 eng d | ||
| 010 | _a 2004272961 | ||
| 020 | _a0714843016 | ||
| 035 | _a(OCoLC)ocm52532525 | ||
| 040 | _c0 | ||
| 082 | 0 | 0 | _a779.327 |
| 100 | 1 |
_aDoubilet, David, _94615 |
|
| 245 | 1 | 0 |
_aFish face / _cphotographs by David Doubilet. |
| 260 |
_aLondon : _bPhaidon, _c2003. |
||
| 300 |
_a399 p. : _bcol. ill. ; _c19 cm. |
||
| 650 | 1 | 0 |
_aFishes _94616 |
| 942 |
_aSADA _cBK _k779.327 DOU 2003 _2ddc |
||
| 999 |
_c353405 _d353405 |
||